Stratégia prechodu na jednotnú menu v rámci Európskej únie. 2

Platobné systémy. Maloobchod. Pohraničné aspekty. Finančné trhy. Verejná administratíva. Podniky. Hotovostné prostriedky. Predaj, marketing, administratíva a informačné systémy. Spotrebitelia. Právny rámec pre ECU.

Uložené v:
Podrobná bibliografia
Hlavný autor: Sipko, Juraj
Médium: Kapitola
Jazyk:Slovak
Predmet:
Tagy: Pridať tag
Žiadne tagy, Buďte prvý, kto otaguje tento záznam!

MARC

LEADER 00000naa a2200000 4500
001 r021217
005 20230921074146.2
041 0 |a slo 
044 |a SK 
245 1 0 |a Stratégia prechodu na jednotnú menu v rámci Európskej únie. 2  |c J. Sipko 
520 |a Platobné systémy. Maloobchod. Pohraničné aspekty. Finančné trhy. Verejná administratíva. Podniky. Hotovostné prostriedky. Predaj, marketing, administratíva a informačné systémy. Spotrebitelia. Právny rámec pre ECU. 
610 2 0 |a Európa 
610 2 0 |a Európska únia 
610 2 0 |a únie menové 
610 2 0 |a ECU 
610 2 0 |a mena 
610 2 0 |a únie hospodárske 
610 2 0 |a trh finančný 
610 2 0 |a administratíva 
610 2 0 |a maloobchod 
610 2 0 |a podnik 
610 2 0 |a prostriedky platobné 
610 2 0 |a spotrebitelia 
610 2 0 |a legislatíva 
100 1 |a Sipko, Juraj